Education and training of valuers in Europe : interim report for the Royal Institution of Chartered Surveyors (Record no. 93201)

MARC details
000 -LEADER
fixed length control field 00633cam a2200217 4500
001 - CONTROL NUMBER
control field B2928
008 - FIXED-LENGTH DATA ELEMENTS--GENERAL INFORMATION
fixed length control field 090401t1989 xxu||||| |||| 00| 0 eng d
035 ## - SYSTEM CONTROL NUMBER
System control number (Sirsi) u52960
041 ## - LANGUAGE CODE
Language code of text/sound track or separate title eng
050 ## - LIBRARY OF CONGRESS CALL NUMBER
Classification number 333.0071094
100 ## - MAIN ENTRY--PERSONAL NAME
Personal name Plimmer, Frances
245 ## - TITLE STATEMENT
Title Education and training of valuers in Europe : interim report for the Royal Institution of Chartered Surveyors
260 ## - PUBLICATION, DISTRIBUTION, ETC.
Place of publication, distribution, etc. Pontypridd,Mid Glamorgan
Name of publisher, distributor, etc. Polytechnic of Wales
Date of publication, distribution, etc. 1989
300 ## - PHYSICAL DESCRIPTION
Extent iii,16,(48)p. ; 30cm.
350 ## - PRICE (NR) (BK AM CF MU VM SE) [OBSOLETE]
Price 15
650 ## - SUBJECT ADDED ENTRY--TOPICAL TERM
Topical term or geographic name entry element EUROPEAN COMMUNITY
650 ## - SUBJECT ADDED ENTRY--TOPICAL TERM
Topical term or geographic name entry element Valuation
9 (RLIN) 6273
700 ## - ADDED ENTRY--PERSONAL NAME
Personal name Gronow, Stuart
942 ## - ADDED ENTRY ELEMENTS (KOHA)
Suppress in OPAC 0
948 ## - LOCAL PROCESSING INFORMATION (OCLC); SERIES PART DESIGNATOR (RLIN)
c (OCLC) 04/03/1997
Holdings
Withdrawn status Lost status Source of classification or shelving scheme Damaged status Not for loan Home library Current library Shelving location Date acquired Cost, normal purchase price Total Checkouts Full call number Barcode Date last seen Copy number Cost, replacement price Price effective from Koha item type
    Dewey Decimal Classification     London London Basement 14/09/1999 15.00   SHELF 302 30001060 06/08/2019 1 15.00 06/08/2019 Book